000 00832nam a2200253Ia 4500
003 OSt
005 20220923223219.0
006 a|||||r|||| 00| 0
007 ta
008 220922b |||||||| |||| 00| 0 hin d
024 _a212,164
037 _cTextual
040 _aARTS
_cARTS
_bhin
041 _2hin
_ahin
082 _aO152,6M83x, M6
100 _aगुलेरी; मनोहर लाल, संपा.
_9164940
245 0 _aगुलेरी रचनावली
246 _aGulerī rachanāvalī
260 _aदिल्ली
_b किताबघर
_c1986
300 _a368पृ.
_ccm.
650 _aहिन्दी साहित्य
_9156264
942 _hO152,6M83x, M6
_cTEXL
_2CC
999 _c362438
_d362438